State by Three Cities #3 - Statistics

General Stats
  • This quiz has been taken 40 times
  • The average score is 15 of 18
Answer Stats
Cities State % Correct
Norman, Tulsa, Oklahoma City Oklahoma
97%
Memphis, Knoxville, Murfreesboro Tennessee
97%
Fairbanks, Anchorage, Kalifornsky Alaska
95%
St. Louis, Kansas City, Independence Missouri
92%
Evansville, Fort Wayne, Bloomington Indiana
84%
Greensboro, Durham, Concord North Carolina
84%
Chesapeake, Alexandria, Suffolk Virginia
84%
Spokane, Bellingham, Everett Washington
84%
Madison, Green Bay, Waukesha Wisconsin
84%
West Jordan, Provo, St. George Utah
82%
Cedar Rapids, Davenport, Ankeny Iowa
79%
Fayetteville, Fort Smith, Rogers Arkansas
76%
Alamogordo, Hobbs, Rio Rancho New Mexico
76%
Grand Forks, Fargo, Dickinson North Dakota
76%
South Burlington, Rutland, Barre Vermont
76%
Worcester, Springfield, New Bedford Massachusetts
71%
Meridian, Pocatello, Lewiston Idaho
66%
Warwick, Cranston, Woonsocket Rhode Island
61%
No matching quizzes found
Score Distribution
Percent of People with Each Score
Percentile by Number Answered
Your Score History
You have not taken this quiz